Statistiques concernant épices et herbes aromatiques

Cliquez ici pour prendre le quiz!

Statistiques générales

  • Ce quiz a été pris 165 fois
    (121 depuis la dernière actualisation)
  • Le résultat moyen est 16 sur 43

Statistiques - réponses

Réponse% Correct
poivre
82%
thym
79%
persil
73%
curcuma
69%
paprika
69%
ail
67%
ciboulette
66%
cumin
65%
piment
65%
basilic
64%
coriandre
59%
romarin
58%
cannelle
56%
menthe
56%
aneth
51%
laurier
51%
safran
51%
gingembre
48%
anis
42%
origan
41%
clou de girofle
38%
vanille
34%
estragon
33%
noix de muscade
31%
fenouil
26%
sauge
26%
lavande
24%
cardamome
21%
cerfeuil
20%
badiane
18%
citronnelle
18%
ras el hanout
18%
sésame
15%
marjolaine
12%
baie de genièvre
9%
oseille
9%
melisse
7%
tonka
7%
bourrache
2%
capucine
1%
criste marine
1%
oxalys
1%
pourpier
0%

Distribution des résultats

Percentile par nombre de réponses

% des personnes avec chaque résultat

Votre développement - résultats

Vous n’avez pas pris ce quiz depuis la dernière actualisation